1194 1285 1821 1043 1609 1951 1828 1619 1571 1519 1150 1383 1927 1570 1445 1577 1517 1357 1136 1064 1141 1166 1402 1936 1180 1319 1717 1181 1766 1416 1266 1851 1856 1121 1610 1737 1200 1722 1689 1576 1110 1199 1598 1469 1131 1575 1879 1181 1634 1728 1488 1996 1368 1291 1373 1927 1763 1310 1507 1725 1666 1036 1725 1280 1521 1603 1472 1697 1315 1898 1856 1172 1950 1980 1263 1094 1002 1474 1349 1085 1761 1878 1286 1072 1563 1290 1794 1036 1946 1200 1720 1137 1425 1449 1364 1644 1222 1358 1096 BCNSPRNW ULIB Ver.6.0+V

เปลี่ยนเป็นภาษาไทย

Change to English
 แสดงรายละเอียดบรรณานุกรม
  กลับหน้าหลัก

Brief Record : Get Marc (ISO 2709) : E-mail record : QR code < ปิดหน้าต่าง
LEADER : 00000nam 2200000uu 4500
001    13399127294
003     ULIB
008    200408s2562||||th 000 0 tha d
020    ^a9786168201039
060    ^aWE855 อ221ต
100    ^aอาศิส อุนนะนันทน์
245    ^aตำรากระดูกข้อสะโพกหักในผู้สูงอายุ = Textbook of hip fracture in the elderly
260    ^aกรุงเทพฯ :^bสำนักพิมพ์ศิริราช คณะแพทยศาสตร์ศิริราชพยาบาล มหาวิทยาลัยมหิดล,^c2562
300    ^a408 หน้า :^bภาพประกอบ ;^c26 ซม.
650    ^aกระดูกหัก -- การรัักษา
650    ^aกระดูก -- โรค -- ผู้สูงอายุ
945    ^p1500^l0^i006700
945    ^p1500^l0^i006701
945    ^p1500^l0^i006702
945    ^p1500^l0^i006703
945    ^p1500^l0^i006704
999    ^aประนอม เกษจรัล
รายการนี้ยังไม่มีแท็ก
คุณยังไม่ได้ล็อกอิน คุณสามารถมีกิจกรรมร่วมกับเว็บไซต์ได้ แต่ต้องล็อกอินก่อน ::
  ล็อกอิน

รายการสื่อสารสนเทศ

ลำดับที่ ประเภท เลขเรียก/บาร์โค้ด สถานที่ สถานะ
1. วิทยาศาสตร์การแพทย์ และสุขภาพ
หนังสือสำรอง
สถานะ=หนังสือสำรอง
WE855 อ221ต ฉ.1 
  Barcode: 006700
ห้องสมุดวิทยาเขตสวรรค์ประชารักษ์
►หนังสือทั่วไป
ถูกยืม กำหนดส่งวันที่ 15 พฤษภาคม 2569
  จอง
2. วิทยาศาสตร์การแพทย์ และสุขภาพ
วิทยาศาสตร์การแพทย์ และสุขภาพ
WE855 อ221ต ฉ.2 
  Barcode: 006701
ห้องสมุดวิทยาเขตสวรรค์ประชารักษ์
►หนังสือทั่วไป
บนชั้น
3. วิทยาศาสตร์การแพทย์ และสุขภาพ
วิทยาศาสตร์การแพทย์ และสุขภาพ
WE855 อ221ต ฉ.3 
  Barcode: 006702
ห้องสมุดวิทยาเขตสวรรค์ประชารักษ์
►หนังสือทั่วไป
บนชั้น
4. วิทยาศาสตร์การแพทย์ และสุขภาพ
วิทยาศาสตร์การแพทย์ และสุขภาพ
สถานะ=หนังสือเก่า
WE855 อ221ต ฉ.4 
  Barcode: 006703
ห้องสมุดวิทยาเขตสวรรค์ประชารักษ์
►ส่วนจัดเก็บหนังสือเก่า สปร
บนชั้น
  ขอยืม
5. วิทยาศาสตร์การแพทย์ และสุขภาพ
วิทยาศาสตร์การแพทย์ และสุขภาพ
WE855 อ221ต ฉ.5 
  Barcode: 006704
ห้องสมุดวิทยาเขตสวรรค์ประชารักษ์
►หนังสือทั่วไป
บนชั้น

รายการใกล้เคียง
    ชื่อเรื่อง [ตำรากระดูกข้อสะโพกหักในผู้สูงอายุ = Textbook of hip fracture in the elderly]

    ผู้แต่ง [อาศิส อุนนะนันทน์]

    หัวเรื่อง [กระดูกหัก -- การรัักษา]
    หัวเรื่อง [กระดูก -- โรค -- ผู้สูงอายุ]

BibComment


ยังไม่เคยถูกคอมเมนท์

คอมเมนท์ทรัพยากรรายการนี้
  คอมเมนท์: ตำรากระดูกข้อสะโ..


 Copyright 2026. Bcnsprnw @Library